000 00437nam a22001697a 4500
999 _c4442
_d4442
003 GBCCL
005 20241126110518.0
008 180122b xxu||||| |||| 00| 0 eng d
040 _cgbc
082 _a226.9
_bBOR
100 _aBornhouser, K.
_98313
245 _aSermon on the Mount /
_cK. Bornhouser
250 _a2nd Ed.
300 _a174 p.;
_c20 cm.
650 _aBible
_vNew Testament
_xSermon on the Mount
_98296
942 _2ddc
_cBK
_01